Historia política y cultural de la Europa moderna / (Record no. 78811)

MARC details
000 -LEADER
campo de control de longitud fija 00847nam a2200241 i 4500
001 - NÚMERO DE CONTROL
campo de control 78811
003 - IDENTIFICADOR DE NÚMERO DE CONTROL
campo de control ES-MaACL
005 - FECHA Y HORA DE LA ÚLTIMA TRANSACCIÓN
campo de control 20250808031135.0
007 - CAMPO FIJO DE DESCRIPCIÓN FÍSICA--INFORMACIÓN GENERAL
campo de control de longitud fija t|
008 - DATOS DE LONGITUD FIJA--INFORMACIÓN GENERAL
campo de control de longitud fija 041018s1946 sp ||||1| spa d
100 1# - ENTRADA PRINCIPAL--NOMBRE DE PERSONA
Nombre de persona Hayes, Carlton J. H. (
Fechas asociadas al nombre 1882-1964)
9 (RLIN) 62194
245 10 - MENCIÓN DEL TÍTULO
Título Historia política y cultural de la Europa moderna /
Mención de responsabilidad, etc. Carlton J.H. Hayes ; traducción de Olga Díez.
250 ## - MENCION DE EDICION
Mención de edición [1ª ed.].
260 ## - PUBLICACIÓN, DISTRIBUCIÓN, ETC.
Lugar de publicación, distribución, etc. Barcelona :
Nombre del editor, distribuidor, etc. Juventud,
Fecha de publicación, distribución, etc. [1946] (
Fabricante Agustín Núñez)
300 ## - DESCRIPCIÓN FÍSICA
Extensión 1 v., 30 lám. ;
Dimensiones 23 cm.
500 ## - NOTA GENERAL
Nota general Es el v. 1º.
505 8# - NOTA DE CONTENIDO CON FORMATO
Nota de contenido con formato Contiene: V. 1. Tres siglos de sociedad predominantemente agrícola : 1500-1830 (XIV, 807 p.)
650 #7 - PUNTO DE ACCESO ADICIONAL DE MATERIA--TÉRMINO DE MATERIA
Término de materia o nombre geográfico como elemento de entrada Historia moderna
Fuente del encabezamiento o término embne
9 (RLIN) 13420
651 ## - PUNTO DE ACCESO ADICIONAL DE MATERIA--NOMBRE GEOGRÁFICO
Nombre geográfico Europa-
Subdivisión general Historia.
9 (RLIN) 8599
700 1# - ENTRADA AGREGADA--NOMBRE PERSONAL
Nombre de persona Díez de Vidal, Olga.
9 (RLIN) 44666
852 ## - LOCALIZACIÓN
Ubicación ES-MaACL
Número de control de estantería P-752-bis
Holdings
Estatus retirado Estado de pérdida Estado de daño No para préstamo Biblioteca de origen Biblioteca actual Ubicación en estantería Fecha de adquisición Fuente de adquisición Total de préstamos Signatura topográfica completa Código de barras Visto por última vez Precio de reemplazo Tipo de ítem Koha
        Biblioteca del Ateneo de Madrid Biblioteca del Ateneo de Madrid Depósito 2 17/01/2008     P-752-bis 1082424 23/02/2023 23/02/2023 Libro impreso